000 00937cam a2200325 a 4500
999 _c2525
_d2525
001 015297049
003 Uk
005 20230710091917.0
008 090617s2009 enka d 001 0 eng d
020 _a9781408231104
035 _a(UkCU)4826954
040 _aStDuBDS
_beng
_cStDuBDS
_dKH8
082 0 4 _a570 BRI
100 _aBridges, Aaron
_eauthor
245 0 0 _aLongman biology, 11-14 /
_cAaron Bridges ... [et al.].
246 3 8 _aBiology, 11-14
250 _aNew ed.
260 _aHarlow :
_bLongman/Pearson Education Limited,
_c2009.
300 _avi, 247 p. :
_bill. ;
_c27 cm.
336 _atext
_2rdacontent
337 _aunmediated
_2rdamedia
338 _avolume
_2rdacarrier
500 _aIncludes index.
500 _aPrevious ed.: 2002.
650 0 _aBiology
_vJuvenile literature.
700 1 _aLevesley, Mark
_eauthor
700 1 _aWilliams, Janet
_eauthor
700 1 _aWorkman, Chris
_eauthor
942 _2ddc
_cTR